| 000 | 00967nam a22002537a 4500 | ||
|---|---|---|---|
| 005 | 20170124103012.0 | ||
| 010 | _aA-814903 | ||
| 020 | _c80.00 | ||
| 035 | _aA-814903 | ||
| 037 | _bCen Lib/Ret | ||
| 040 |
_aDPL _bHN |
||
| 082 |
_aक _bसिन्हाक |
||
| 100 |
_aसिन्हा, कमलेश _957825 |
||
| 245 |
_aअलगाव / _cकमलेश सिन्हा |
||
| 246 |
_aAlgav / _bby Kamlesh Sinha |
||
| 260 |
_aनई दिल्ली _bअयन प्रकाशन _c1996 |
||
| 270 |
_a1/20 महरौली _bनई दिल्ली _e110030 |
||
| 300 |
_a141पृ. _c17सेमी(सजिल्द ) |
||
| 650 |
_aहिंदी साहित्य _x _z _957826 |
||
| 650 |
_aहिंदी साहित्य--लघु कथाएँ _957827 |
||
| 650 |
_aHindi literature _v _957828 |
||
| 650 |
_aHindi literature--Short Stories _957829 |
||
| 942 |
_2ddc _cHN _hक _mसिन्हाक |
||
| 999 |
_c114678 _d114678 |
||